000
00264nam a2200109Ia 4500
008
200302s9999 xx 000 0 und d
100
_a
Walter Herdeg
245
_a
Film & Tv GraPhics 2
260
_b
The Graphis Press, 8000 Zurich
260
_c
1976
300
_a
211 P.,
999
_c
442
_d
442